Microeconomics (Record no. 349160)

000 -LEADER
fixed length control field 00315 a2200121 4500
020 ## - INTERNATIONAL STANDARD BOOK NUMBER
International Standard Book Number 0201916690
082 ## - DEWEY DECIMAL CLASSIFICATION NUMBER
Classification number 338.5
090 ## - LOCALLY ASSIGNED LC-TYPE CALL NUMBER (OCLC); LOCAL CALL NUMBER (RLIN)
-- 6819
-- 6819
100 ## - MAIN ENTRY--PERSONAL NAME
Personal name Ekelund, Robert B., Jr; Tollison, Robert D.
245 ## - TITLE STATEMENT
Title Microeconomics
Remainder of title Private Markets and Public Choice
250 ## - EDITION STATEMENT
Edition statement 5th
942 ## - ADDED ENTRY ELEMENTS (KOHA)
Institution code [OBSOLETE] NBS
Koha item type Book
Call number prefix 338.5 EKE
Holdings
Withdrawn status Lost status Damaged status Not for loan Permanent Location Current Location Date acquired Total Checkouts Total Renewals Full call number Barcode Date last seen Date last checked out Price effective from Koha item type
        NUST Law School (NLS) NUST Law School (NLS) 08/28/2013 5 2 338.5 EKE NBS3750 03/05/2023 01/29/2023 08/28/2013 Book
© 2023 Central Library, National University of Sciences and Technology. All Rights Reserved.